000 00875cam a2200229 a 4500
001 13713752
005 20260122101703.0
008 040909s2006 ohu b 001 0 eng
020 _a0324233531
020 _a9780324233537
050 0 0 _aHF5635
_b.P215 2006
100 1 _aPahler, Arnold J.
245 1 0 _aAdvanced accounting :
_bconcepts & practice /
_cArnold J. Pahler.
250 _a9th ed.
260 _aMason, Ohio :
_bThomson/South-Western,
_cc2006.
300 _axx, 967 p. ;
_c29 cm.
650 0 _aAccounting.
856 4 2 _3Contributor biographical information
_uhttp://www.loc.gov/catdir/enhancements/fy1302/2004113252-b.html
856 4 2 _3Publisher description
_uhttp://www.loc.gov/catdir/enhancements/fy1302/2004113252-d.html
856 4 1 _3Table of contents only
_uhttp://www.loc.gov/catdir/enhancements/fy1302/2004113252-t.html
942 _2lcc
_cBK
_e9th Ed.
_n0
999 _c8612
_d8612